[Event "SLO-chT (Women)"]
[Site "Ljubljana"]
[Date "2007.11.29"]
[Round "1.2"]
[White "Orel, Simona"]
[Black "Ursic, Simona"]
[Result "0-1"]
[WhiteElo "2017"]
[BlackElo "2111"]
[PlyCount "70"]
[EventDate "2007.11.29"]
[EventType "team"]
[EventRounds "9"]
[EventCountry "SLO"]
[SourceTitle "CBM 121 Extra"]
[Source "ChessBase"]
[SourceDate "2008.01.10"]
[SourceVersion "1"]
[SourceVersionDate "2008.01.10"]
[SourceQuality "1"]
[WhiteTeam "Kranj (W)"]
[BlackTeam "Tolmin (W)"]
[WhiteTeamCountry "SLO"]
[BlackTeamCountry "SLO"]

1. d4 Nf6 2. c4 d6 3. Nc3 Nbd7 4. e4 e5 5. Nf3 Be7 6. Be2 c6 7. 0-0 a6 8. a4 0-0 9. Re1 Qc7 10. Bg5 h6 11. Bh4 Re8 12. h3 a5 13. Qc2 Nf8 14. Rad1 Ng6 15. Bg3 Nh5 16. dxe5 dxe5 17. Bh2 Nhf4 18. Bf1 Bb4 19. Rd2 Qe7 20. Bg3 Qf6 21. Rc1 Nxh3+ 22. gxh3 Qxf3 23. Bg2 Qh5 24. Kh2 f5 25. exf5 Bxf5 26. Qd1 Qg5 27. Be4 Bxc3 28. Rxc3 Bxe4 29. Re3 Bf5 30. Qb3 Qh5 31. c5+ Kh7 32. Qxb7 Bxh3 33. Kg1 Rad8 34. Red3 Rxd3 35. Rxd3 Qe2 0-1